| 000 | 01888nam0a2200421 4500 | ||
|---|---|---|---|
| 001 | RU\NLR\bibl\1663005 | ||
| 005 | 20250616041728.0 | ||
| 010 |
_a978-5-9924-0049-6 _9500 |
||
| 021 |
_aRU _b2010-50540 _93336 |
||
| 035 | _a(nilc)RSL-KNO-004704163 | ||
| 035 | _a(NLR Aleph) 001654287 | ||
| 090 |
_a941398 _c941398 |
||
| 100 | _a20100705d2010 |||y0rusy50 ca | ||
| 101 | 1 |
_arus _ceng |
|
| 102 | _aRU | ||
| 105 | _aa ||||||||| | ||
| 200 | 1 |
_aИнтеллектуальный капитал: практика управления _fЙоран Руус, Стивен Пайк, Лиза Фернстрем _g[пер. с англ.: М.П. Аккая] |
|
| 205 | _a3-е изд. | ||
| 210 |
_aСанкт-Петербург _cВысшая школа менеджмента _d2010 |
||
| 215 |
_a418, [17] с. _cил. _d25 |
||
| 300 | _aЗагл. и авт. ориг.: Managing intellectual capital in practice / Göran Roos, Stephen Pike, Lisa Fernström | ||
| 320 | _aБиблиогр. в примеч. в конце гл. | ||
| 320 | _aУказ. в конце кн. | ||
| 454 | 0 |
_12001#$aManaging intellectual capital in practice$fGöran Roos, Stephen Pike, Lisa Fernström _1700#1$aGöran$bR.$gRoos$4070 _1701#1$aPike$bS.$gStephen$4070 _1701#1$aFernström$bL.$gLisa$4070 _tManaging intellectual capital in practice _aGöran, Roos |
|
| 606 | 1 |
_aИнтеллектуальный капитал _92279556 _3RU\NLR\auth\661365827 |
|
| 610 | 0 | _aнематериальные активы | |
| 686 |
_aУ829-14-21,0 _2rubbk |
||
| 686 | _aС550.56 | ||
| 686 | _aУ24(0)920.12 | ||
| 700 | 1 |
_aРуус _bЙ. _gЙоран _4070 |
|
| 701 | 1 |
_aПайк _bС. _gСтивен _4070 |
|
| 701 | 1 |
_aФернстрем _bЛ. _gЛиза _4070 |
|
| 801 | 0 |
_aRU _bРГБ _c20100705 _grcr |
|
| 801 | 1 |
_aRU _bРГБ _c20100705 |
|
| 801 | 2 |
_aRU _bNLR _c20100811 _grcr |
|
| 942 | _cBOOK | ||
| 980 | _aNB | ||